| 000 | 00377nam a2200157Ia 4500 | ||
|---|---|---|---|
| 008 | 230917s9999||||xx |||||||||||||| ||und|| | ||
| 040 |
_e184961 _aMAIN |
||
| 041 | _aEnglish | ||
| 082 | _a346.03 S35L | ||
| 100 | _aHeuston, R F V | ||
| 245 | 0 | _aSalmond on the law of torts | |
| 250 | _a12th ed. | ||
| 260 |
_aLondon _bSweet & Maxwell _c1957 |
||
| 300 | _a792 p. | ||
| 942 | _cBK | ||
| 999 |
_c79850 _d79850 |
||